Loading...
Stri-vimarsh ka lokpaksh
| Main Author: | |
|---|---|
| Format: | Printed Book |
| Published: |
New Delhi
Vani Prakashan
2017
|
| LEADER | 00363nam a22001097a 4500 | ||
|---|---|---|---|
| 082 | |a 891.434 |b ANA.S | ||
| 100 | |a Anamika | ||
| 245 | |a Stri-vimarsh ka lokpaksh | ||
| 260 | |a New Delhi |b Vani Prakashan |c 2017 | ||
| 942 | |c BK | ||
| 999 | |c 212102 |d 212102 | ||
| 952 | |0 0 |1 0 |4 0 |6 891_434000000000000_ANA_S |7 0 |9 225603 |a CAMPUS |b CAMPUS |d 2019-07-09 |l 0 |o 891.434 ANA.S |p 28190 |r 2019-07-09 |w 2019-07-09 |y BK | ||